00748nam a22002177a 4500003000500000005001700005008004100022010001000063011001000073035001000083040000900093082002300102111008000125245003500205260007100240300000900311500007400320650002300394650003300417711008000450CHAP20220817041338.0971013s1977 r 10010 d a11812 a12784 a16397 cCHAP a631.4063bC7p 197700aCongreso Nacional de la Ciencia del Suelo (n10d: 1977c: México, D. F.) aPrograma general y resúmenes aMéxico, D.F. :bSociedad Mexicana de la Ciencia del Suelo,c1977 as.p. aEncuadernado con: Congreso Latinoamericano (6: 1977: México, D. F.)14aSuelosxCongresos.14aSuelosxCongresosxMéxico.0 aCongreso Latinoamericano de la Ciencia del Suelo (6: 1977: México, D. F.)